Cost management : (Record no. 345263)
[ view plain ]
| 000 -LEADER | |
|---|---|
| fixed length control field | 00904 a2200217 4500 |
| 020 ## - INTERNATIONAL STANDARD BOOK NUMBER | |
| International Standard Book Number | 0324069731 |
| 020 ## - INTERNATIONAL STANDARD BOOK NUMBER | |
| International Standard Book Number | 9780324069730 |
| 082 04 - DEWEY DECIMAL CLASSIFICATION NUMBER | |
| Classification number | 658.1552 |
| 090 ## - LOCALLY ASSIGNED LC-TYPE CALL NUMBER (OCLC); LOCAL CALL NUMBER (RLIN) | |
| -- | 2772 |
| -- | 2772 |
| 100 1# - MAIN ENTRY--PERSONAL NAME | |
| Personal name | Hansen, Don R. |
| 245 10 - TITLE STATEMENT | |
| Title | Cost management : |
| Remainder of title | accounting & control / |
| Statement of responsibility, etc. | Don R. Hansen. |
| 250 ## - EDITION STATEMENT | |
| Edition statement | 4th ed. |
| 260 ## - PUBLICATION, DISTRIBUTION, ETC. | |
| Place of publication, distribution, etc. | [S.l.] : |
| Name of publisher, distributor, etc. | South-Western College/West, |
| Date of publication, distribution, etc. | 2002. |
| 300 ## - PHYSICAL DESCRIPTION | |
| Extent | 1056 p. ; |
| Dimensions | 29 cm. |
| 500 ## - GENERAL NOTE | |
| General note | Hardcover. |
| 520 ## - SUMMARY, ETC. | |
| Summary, etc. | Cost Management: Accounting and Control emphasizes that changing conditions often require a change in cost management systems. Emphasizing this point stresses the dynamic and exciting nature of the field. |
| 700 1# - ADDED ENTRY--PERSONAL NAME | |
| Personal name | Mowen, Maryanne M. |
| 856 40 - ELECTRONIC LOCATION AND ACCESS | |
| Materials specified | Amazon.com |
| Uniform Resource Identifier | <a href="http://www.amazon.com/exec/obidos/ASIN/0324069731/chopaconline-20">http://www.amazon.com/exec/obidos/ASIN/0324069731/chopaconline-20</a> |
| 856 40 - ELECTRONIC LOCATION AND ACCESS | |
| Materials specified | Amazon customer reviews |
| Uniform Resource Identifier | <a href="http://www.chopac.org/cgi-bin/tools/azrev.pl?q=0324069731">http://www.chopac.org/cgi-bin/tools/azrev.pl?q=0324069731</a> |
| 942 ## - ADDED ENTRY ELEMENTS (KOHA) | |
| Institution code [OBSOLETE] | NBS |
| Koha item type | Book |
| Call number prefix | 658.1552 HAN |
| Withdrawn status | Lost status | Damaged status | Not for loan | Permanent Location | Current Location | Date acquired | Total Checkouts | Full call number | Barcode | Date last seen | Price effective from | Koha item type |
|---|---|---|---|---|---|---|---|---|---|---|---|---|
| Central Library (CL) | Central Library (CL) | 08/28/2013 | 658.1552 HAN | NBS6569 | 08/28/2013 | 08/28/2013 | Book |
